[Event "Riga Tech Rapid op"]
[Site "Riga"]
[Date "2023.08.06"]
[Round "1"]
[White "Mitusov, Semen"]
[Black "Lelis, Janis"]
[Result "1-0"]
[WhiteElo "2445"]
[BlackElo "1755"]
[PlyCount "71"]
[EventDate "2023.08.06"]
[EventType "swiss (rapid)"]
[EventRounds "9"]
[EventCountry "LAT"]
[SourceTitle "CBM 215 Extra"]
[Source "ChessBase"]
[SourceDate "2023.09.30"]
[SourceVersion "1"]
[SourceVersionDate "2023.09.30"]
[SourceQuality "1"]

1. e4 e5 2. Nf3 d5 3. exd5 e4 4. Qe2 f5 5. d3 Nf6 6. Bg5 Be7 7. dxe4 fxe4 8. Bxf6 exf3 9. Qxe7+ Qxe7+ 10. Bxe7 fxg2 11. Bxg2 Kxe7 12. Nc3 a6 13. 0-0-0 Bf5 14. Rhe1+ Kd6 15. Ne4+ Kd7 16. Nc5+ Kc8 17. Re7 Nd7 18. Nxd7 Bxd7 19. Rxg7 Bf5 20. d6 c6 21. Rd4 Rd8 22. Bxc6 Ra7 23. Kd2 Kb8 24. Bg2 b5 25. Rxa7 Kxa7 26. c3 Kb6 27. Ke3 a5 28. a3 a4 29. Rd2 Bg6 30. f4 Bf7 31. Ke4 Kc5 32. Ke5 Rd7 33. Bh3 Rd8 34. d7 Kc6 35. Kf6 Bc4 36. Ke7 1-0

[Event "Wch Seniors 65 24th"]
[Site "Katerini"]
[Date "2014.11.01"]
[Round "8"]
[White "Lelis, Janis"]
[Black "Meizlin, Yaacov"]
[Result "1-0"]
[WhiteElo "1846"]
[BlackElo "2105"]
[PlyCount "129"]
[EventDate "2014.10.24"]
[EventType "swiss"]
[EventRounds "11"]
[EventCountry "GRE"]
[SourceTitle "EXT 2015"]
[Source "ChessBase"]
[SourceDate "2014.11.20"]
[SourceVersion "1"]
[SourceVersionDate "2014.11.20"]
[SourceQuality "1"]

1. d4 Nf6 2. c4 e6 3. Nc3 b6 4. Bf4 Bb7 5. e3 d6 6. h3 Be7 7. Nf3 Nbd7 8. Rc1 0-0 9. Be2 c5 10. 0-0 a6 11. a3 Qc7 12. Bh2 Rfd8 13. b3 Nf8 14. a4 Ng6 15. Qc2 Rac8 16. Rfd1 Bc6 17. Ne1 Qb7 18. Bf3 cxd4 19. exd4 d5 20. Qa2 dxc4 21. bxc4 Ne4 22. d5 exd5 23. cxd5 Nxc3 24. dxc6 Nxa2 25. cxb7 Nxc1 26. Bc7 Rf8 27. bxc8Q Rxc8 28. Bxb6 Nf8 29. a5 Bb4 30. Nd3 Ba3 31. Bb7 Ne2+ 32. Kf1 Rc2 33. Bxa6 Nc3 34. Ra1 Bd6 35. Rc1 Rxc1+ 36. Nxc1 Nd5 37. Ba7 Nd7 38. Nb3 Kf8 39. Bc4 Nb4 40. a6 Ne5 41. Bb5 Nxa6 42. Bxa6 Kg8 43. Be3 Bb4 44. Bb5 Be7 45. f4 Ng6 46. g3 Nf8 47. f5 Bd6 48. g4 g6 49. Bh6 Be7 50. Ke2 Ba3 51. Kf3 Bb4 52. Ke4 Ba3 53. Kd5 Bb4 54. Kc6 Be7 55. Kc7 Bh4 56. Kc8 Be7 57. Nd4 Bh4 58. Nc6 gxf5 59. gxf5 Bf6 60. Bc4 Bg7 61. Bf4 Bf6 62. Ne5 Kg7 63. Nxf7 h5 64. Bh6+ Kg8 65. Nd6+ 1-0

[Event "Palanga op"]
[Site "Palanga"]
[Date "2013.06.17"]
[Round "1"]
[White "Lelis, Janis"]
[Black "Misiuk, Karolina"]
[Result "1-0"]
[WhiteElo "1890"]
[BlackElo "1441"]
[PlyCount "87"]
[EventDate "2013.06.17"]
[EventType "swiss"]
[EventRounds "9"]
[EventCountry "LTU"]
[SourceTitle "EXT 2014"]
[Source "ChessBase"]
[SourceDate "2013.11.20"]
[SourceVersion "1"]
[SourceVersionDate "2013.11.20"]
[SourceQuality "1"]

1. d4 Nf6 2. c4 g6 3. Nc3 d5 4. Bf4 Bg7 5. e3 0-0 6. Nf3 c5 7. dxc5 Qa5 8. Qa4 Qxc5 9. Qb5 Qc6 10. Nd4 Qd7 11. Qxd7 Nbxd7 12. cxd5 Nb6 13. d6 exd6 14. Bxd6 Rd8 15. Be5 Re8 16. Bxf6 Bxf6 17. 0-0-0 Bg4 18. Be2 Bxe2 19. Ndxe2 Rac8 20. Rd3 Na4 21. Kb1 Nc5 22. Rd2 Ne4 23. Nxe4 Rxe4 24. Rc1 Rce8 25. Rc7 Rb4 26. a3 Rb6 27. g3 Re5 28. Nd4 Ra5 29. Ka2 Be5 30. Rc8+ Kg7 31. f4 Bf6 32. e4 Be7 33. e5 Rba6 34. Rc7 Bxa3 35. bxa3 Rxa3+ 36. Kb2 Ra2+ 37. Kc1 Ra1+ 38. Kc2 R6a2+ 39. Kd3 Ra4 40. e6 Kf8 41. Rxf7+ Ke8 42. Rxb7 Re1 43. g4 Ra3+ 44. Kc4 1-0

[Event "EU-ch Seniors 12th"]
[Site "Kaunas"]
[Date "2012.08.25"]
[Round "8"]
[White "Lelis, Janis"]
[Black "Guaglianone, Mario"]
[Result "0-1"]
[WhiteElo "1783"]
[BlackElo "2027"]
[PlyCount "128"]
[EventDate "2012.08.18"]
[EventType "swiss"]
[EventRounds "9"]
[EventCountry "LTU"]
[SourceTitle "CBM 150 Extra"]
[Source "ChessBase"]
[SourceDate "2012.10.19"]
[SourceVersion "1"]
[SourceVersionDate "2012.10.19"]
[SourceQuality "1"]

1. d4 c5 2. e3 Nf6 3. c4 e6 4. Nc3 a6 5. Nf3 Qc7 6. d5 Be7 7. e4 d6 8. Bd3 exd5 9. cxd5 b5 10. 0-0 Bg4 11. h3 Bh5 12. Bf4 Nbd7 13. Rc1 0-0 14. Re1 Rfe8 15. a3 Bf8 16. g4 Bg6 17. Nh4 c4 18. Nxg6 hxg6 19. Bc2 Nc5 20. Qd4 Nfd7 21. Kg2 Ne5 22. Ne2 Qe7 23. Bxe5 Qxe5 24. f4 Qe7 25. Ng3 Qh4 26. Re3 Rad8 27. Rce1 Nd7 28. Qd2 Be7 29. Ne2 Bf6 30. Nd4 Bxd4 31. Qxd4 Qf6 32. e5 dxe5 33. fxe5 Qg5 34. Kg3 Nf8 35. h4 Qe7 36. d6 Qd7 37. Qd5 Rb8 38. Be4 Rec8 39. Bf3 a5 40. g5 b4 41. Qxa5 c3 42. bxc3 b3 43. Qd5 Rb5 44. Qd2 b2 45. Rb1 Qa7 46. Re2 Qxa3 47. Rxb2 Rxc3 48. Qxc3 Qxc3 49. Rxb5 Ne6 50. Rd5 Nd4 51. Rxd4 Qxd4 52. Re1 Kf8 53. Rd1 Qxe5+ 54. Kg2 Qb2+ 55. Kf1 Ke8 56. d7+ Kd8 57. Kg1 f6 58. Rd5 Qc1+ 59. Kg2 Qf4 60. gxf6 gxf6 61. Kf2 Qxh4+ 62. Ke3 f5 63. Rd1 Qg3 64. Rd5 g5 0-1

[Event "EU-ch Seniors 12th"]
[Site "Kaunas"]
[Date "2012.08.22"]
[Round "5"]
[White "Levin, Evgeny"]
[Black "Lelis, Janis"]
[Result "0-1"]
[WhiteElo "1982"]
[BlackElo "1783"]
[PlyCount "74"]
[EventDate "2012.08.18"]
[EventType "swiss"]
[EventRounds "9"]
[EventCountry "LTU"]
[SourceTitle "CBM 150 Extra"]
[Source "ChessBase"]
[SourceDate "2012.10.19"]
[SourceVersion "1"]
[SourceVersionDate "2012.10.19"]
[SourceQuality "1"]

1. d4 d5 2. Nf3 Bf5 3. g3 c6 4. Bg2 h6 5. Nbd2 e6 6. 0-0 Nd7 7. Nb3 Be7 8. Nfd2 Ngf6 9. f3 Bg6 10. e4 Nb6 11. c3 0-0 12. Qe2 Rc8 13. e5 Nfd7 14. f4 c5 15. Nf3 cxd4 16. Nbxd4 a6 17. g4 Nc5 18. f5 exf5 19. Nxf5 Ne6 20. Be3 Nc4 21. Nxe7+ Qxe7 22. Kh1 Nxe3 23. Qxe3 Be4 24. Rad1 Nc5 25. Rd2 Nd7 26. Re1 Rfe8 27. Qf4 Nxe5 28. Nd4 Nd3 29. Rxe4 dxe4 30. Qg3 Qe5 31. Qe3 Nf4 32. Bf1 Nd5 33. Qh3 e3 34. Rd1 Nf4 35. Qg3 e2 36. Bxe2 Nxe2 37. Qxe5 Rxe5 0-1